000 00478 a2200169 4500
005 20250610092730.0
020 _a0-07-248259-1
082 _aLECT 658.4 HEN
100 _aHENEMAN, H. G
245 _aStaffing organizations
250 _a4th Ed.
260 _aBoston,
_bMcGraw-Hill,
_c2003.
300 _axv, 728p.: ill.; figure, table.
_bIndex,
_c23cm.
700 _aJUDGE, T. A.
856 _yAccess online book
_fStaffing organizations
_dwww.mhhe.com
942 _2ddc
_cBKS
999 _c3584
_d3584